[Event "Open Bosnjaci"]
[Site "Bosnjaci"]
[Date "2017.01.04"]
[Round "2.11"]
[White "Vidackovic, Branko"]
[Black "Tica, Sven"]
[Result "0-1"]
[WhiteElo "2012"]
[BlackElo "2352"]
[PlyCount "86"]
[EventDate "2017.??.??"]
[WhiteClock "1:30:00"]
[BlackClock "1:30:00"]

1. d4 d5 2. c4 e6 3. Nc3 Nf6 4. cxd5 Nxd5 5. Nf3 c5 6. Nxd5 exd5 7. dxc5 Bxc5
8. e3 Nc6 9. Bd2 O-O 10. Be2 d4 11. exd4 Nxd4 12. O-O Nxe2+ 13. Qxe2 Re8 14.
Qb5 b6 15. Bc3 Bb7 16. Rad1 Qc8 17. Qd7 Bxf3 18. Qxc8 Raxc8 19. gxf3 Re2 20.
Rd2 Rce8 21. Rxe2 Rxe2 22. Kg2 a5 23. f4 Kf8 24. Kf3 Rc2 25. a4 f6 26. h3 Kf7
27. f5 Ke7 28. Re1+ Kd6 29. Rd1+ Kc6 30. Rd2 Rxd2 31. Bxd2 Kd5 32. b3 Ke5 33.
Bc3+ Kxf5 34. Ke2 Ke4 35. f3+ Kf4 36. Be1 h6 37. h4 h5 38. Bd2+ Kg3 39. Be1+
Kg2 40. f4 f5 41. Bc3 Bf2 42. Bxg7 Bxh4 43. Bd4 Bd8 0-1

[Event "Open Bosnjaci"]
[Site "Bosnjaci"]
[Date "2017.01.04"]
[Round "2.12"]
[White "Safar, Sandro"]
[Black "Vajic, Goran"]
[Result "0-1"]
[WhiteElo "1984"]
[BlackElo "2310"]
[PlyCount "74"]
[EventDate "2017.??.??"]
[WhiteClock "1:30:00"]
[BlackClock "1:30:00"]

1. e4 e5 2. Nc3 d6 3. g3 Nc6 4. Bg2 Be7 5. d3 h5 6. h4 Bg4 7. f3 Be6 8. Be3 Nd4
9. Bxd4 exd4 10. Nce2 Bf6 11. Nf4 Be5 12. Nge2 Bd7 13. c3 c5 14. cxd4 cxd4 15.
b4 Ne7 16. a4 g6 17. Qb3 a5 18. b5 Rc8 19. Kf2 Qb6 20. Rac1 O-O 21. Bh3 Bxf4
22. Nxf4 Bxh3 23. Nxh3 Rc3 24. Rxc3 dxc3+ 25. Ke2 Qd4 26. Qc4 Qf6 27. Rc1 Rc8
28. Qb3 Qd4 29. Nf4 Qb4 30. Qc2 d5 31. Rb1 Qd6 32. Rb3 d4 33. Kf2 g5 34. Rb1
gxf4 35. g4 hxg4 36. fxg4 f3 37. Rh1 Qf4 0-1

[Event "Open Bosnjaci"]
[Site "Bosnjaci"]
[Date "2017.01.04"]
[Round "2.13"]
[White "Zovko, Mario"]
[Black "Pasalic, Adnan"]
[Result "1/2-1/2"]
[WhiteElo "2309"]
[BlackElo "2007"]
[PlyCount "42"]
[EventDate "2017.??.??"]
[WhiteClock "1:30:00"]
[BlackClock "1:30:00"]

1. e4 e5 2. Nc3 Nf6 3. Nf3 Nc6 4. d4 exd4 5. Nxd4 Nxd4 6. Qxd4 d6 7. Bc4 Be7 8.
Bg5 O-O 9. O-O-O Ne8 10. Bxe7 Qxe7 11. Nd5 Qd8 12. f4 c6 13. Nc3 Qb6 14. Qd2
Be6 15. Bd3 Qa5 16. Kb1 f5 17. exf5 Bxf5 18. Bxf5 Qxf5 19. Rhf1 d5 20. h3 Nd6
21. g4 Qf6 1/2-1/2

[Event "Open Bosnjaci"]
[Site "Bosnjaci"]
[Date "2017.01.04"]
[Round "2.14"]
[White "Nikic, Patrick"]
[Black "Matko, Ognjen"]
[Result "0-1"]
[WhiteElo "1975"]
[BlackElo "2305"]
[PlyCount "44"]
[EventDate "2017.??.??"]
[WhiteClock "1:30:00"]
[BlackClock "1:30:00"]

1. e4 e6 2. d4 d5 3. Nc3 Bb4 4. e5 c5 5. a3 Bxc3+ 6. bxc3 Ne7 7. Qg4 Qc7 8.
Qxg7 Rg8 9. Qxh7 cxd4 10. Ne2 Nbc6 11. f4 dxc3 12. Qd3 Bd7 13. Rb1 O-O-O 14.
Nxc3 Nf5 15. Bd2 Ncd4 16. Kd1 Kb8 17. g3 Rc8 18. Bh3 Qc5 19. Ne2 Ba4 20. Nc3
Bxc2+ 21. Qxc2 Nxc2 22. Kxc2 d4 0-1

[Event "Open Bosnjaci"]
[Site "Bosnjaci"]
[Date "2017.01.04"]
[Round "2.15"]
[White "Stocko, Josip"]
[Black "Tucakovic, Zdravko"]
[Result "1-0"]
[WhiteElo "2300"]
[BlackElo "1986"]
[PlyCount "69"]
[EventDate "2017.??.??"]
[WhiteClock "1:30:00"]
[BlackClock "1:30:00"]

1. e4 c5 2. Nf3 Nc6 3. Bb5 Qc7 4. O-O a6 5. Bxc6 Qxc6 6. Re1 d6 7. h3 e5 8. Nc3
Nf6 9. a4 Rb8 10. a5 b5 11. axb6 Rxb6 12. d3 Rb4 13. b3 Be7 14. Bg5 Be6 15. Nd2
h6 16. Bxf6 gxf6 17. Qf3 Rg8 18. Nc4 f5 19. Ne3 fxe4 20. dxe4 c4 21. Ncd5 Rb8
22. Rxa6 Qc8 23. Ra7 Bxd5 24. Nxd5 Rb7 25. Rxb7 Qxb7 26. b4 Bd8 27. Ra1 Kf8 28.
Qe3 Kg7 29. Ra7 Qb8 30. Rd7 Bg5 31. Qa7 Qxa7 32. Rxa7 Rb8 33. Rc7 c3 34. Rxc3
Bd2 35. Rb3 1-0

[Event "Open Bosnjaci"]
[Site "Bosnjaci"]
[Date "2017.01.04"]
[Round "2.16"]
[White "Samblic, Silvano"]
[Black "Andrijevic, Milan"]
[Result "1/2-1/2"]
[WhiteElo "1959"]
[BlackElo "2293"]
[PlyCount "94"]
[EventDate "2017.??.??"]
[WhiteClock "1:30:00"]
[BlackClock "1:30:00"]

1. e4 c5 2. Nc3 e6 3. d3 d5 4. g3 dxe4 5. Nxe4 Nc6 6. Bg2 Nge7 7. Ne2 Nf5 8.
Bd2 Be7 9. Bc3 O-O 10. O-O e5 11. a3 Be6 12. Rb1 a5 13. Qd2 a4 14. f4 exf4 15.
Nxf4 Ncd4 16. Nxe6 fxe6 17. Rbe1 Qd7 18. Kh1 Rac8 19. Rf2 b5 20. Ref1 h6 21. g4
Nh4 22. Qe3 e5 23. Qg3 Nxg2 24. Kxg2 Qe6 25. h3 Rxf2+ 26. Qxf2 Rf8 27. Qd2 Rxf1
28. Kxf1 Qf7+ 29. Qf2 Nxc2 30. Qxf7+ Kxf7 31. Bxe5 b4 32. axb4 cxb4 33. Ke2 a3
34. bxa3 bxa3 35. Kd2 Nb4 36. Bc3 a2 37. Ba1 g6 38. Kc3 g5 39. d4 Nd5+ 40. Kb3
Nf4 41. Nf2 Ke6 42. Kxa2 Kd5 43. Kb3 Bf6 44. Kc2 Kc4 45. Bb2 Kd5 46. Ba1 Kc4
47. Bb2 Kd5 1/2-1/2

[Event "Open Bosnjaci"]
[Site "Bosnjaci"]
[Date "2017.01.04"]
[Round "2.17"]
[White "Levacic, Patrick"]
[Black "Matanovic, Nikola"]
[Result "1-0"]
[WhiteElo "2291"]
[BlackElo "1984"]
[PlyCount "51"]
[EventDate "2017.??.??"]
[WhiteClock "1:30:00"]
[BlackClock "1:30:00"]

1. e4 c5 2. Nf3 Nc6 3. Bb5 d6 4. O-O a6 5. Bxc6+ bxc6 6. e5 d5 7. h3 g6 8. d3
Bg7 9. Nc3 e6 10. Na4 Qe7 11. Be3 d4 12. Bf4 Rb8 13. Qc1 h5 14. Ng5 Rb4 15. b3
f6 16. Nf3 Bh6 17. Bxh6 Nxh6 18. exf6 Qxf6 19. Nxc5 Nf5 20. Ne4 Qe7 21. Qg5
Qxg5 22. Nexg5 Ke7 23. Rfe1 Rb5 24. Re2 Nh4 25. Nxh4 Rxg5 26. f4 1-0

[Event "Open Bosnjaci"]
[Site "Bosnjaci"]
[Date "2017.01.04"]
[Round "2.18"]
[White "Ljikar, Tamara"]
[Black "Bobanac, Miro"]
[Result "0-1"]
[WhiteElo "1945"]
[BlackElo "2279"]
[PlyCount "52"]
[EventDate "2017.??.??"]
[WhiteClock "1:30:00"]
[BlackClock "1:30:00"]

1. e4 g6 2. d4 Bg7 3. Nc3 d6 4. Be3 Nf6 5. f3 O-O 6. Qd2 Nbd7 7. O-O-O c6 8.
Bh6 e5 9. Nge2 b5 10. h4 b4 11. Nb1 Rb8 12. g4 d5 13. Bxg7 Kxg7 14. g5 Nh5 15.
dxe5 dxe4 16. f4 Qb6 17. Bh3 Nc5 18. Nd4 Nd3+ 19. cxd3 Qxd4 20. dxe4 Qxe4 21.
Qd4 Qxd4 22. Rxd4 c5 23. Rc4 Ba6 24. Rxc5 Nxf4 25. Ra5 Rb6 26. Bd7 Rd8 0-1

[Event "Open Bosnjaci"]
[Site "Bosnjaci"]
[Date "2017.01.04"]
[Round "2.19"]
[White "Pavic, Filip"]
[Black "Klasan, Elvis"]
[Result "1-0"]
[WhiteElo "2269"]
[BlackElo "1971"]
[PlyCount "103"]
[EventDate "2017.??.??"]
[WhiteClock "1:29:00"]
[BlackClock "1:30:00"]

1. e4 e5 2. Nf3 Nc6 3. Bb5 a6 4. Ba4 d6 5. O-O Bg4 6. h3 Bd7 7. c3 Nf6 8. Re1
Be7 9. d4 b5 10. Bb3 O-O 11. Nbd2 exd4 12. cxd4 Na5 13. Bc2 Ne8 14. Qe2 c5 15.
d5 g6 16. b3 Ng7 17. Nf1 Nb7 18. Ng3 f6 19. Bb2 Qc7 20. Nd2 Nd8 21. f4 Nf7 22.
Nf3 b4 23. Bd3 Qb6 24. Kh1 Bb5 25. Nd2 Qb7 26. Nf3 Rfe8 27. Bc4 Bxc4 28. bxc4
a5 29. a4 Qd7 30. Qc2 Rf8 31. Re2 Rae8 32. Rae1 Bd8 33. Kh2 Qb7 34. Qb3 Qd7 35.
Qa2 g5 36. fxg5 Nxg5 37. Nxg5 fxg5 38. Qa1 h5 39. Kh1 h4 40. Bxg7 Qxg7 41.
Qxg7+ Kxg7 42. Nf5+ Kg6 43. Nxd6 Re5 44. Kg1 Bc7 45. Nb5 Bd8 46. Na7 Rf4 47.
Nc6 Re8 48. e5 Rxc4 49. d6 Bb6 50. e6 Rc3 51. d7 c4+ 52. Kh1 1-0

[Event "Open Bosnjaci"]
[Site "Bosnjaci"]
[Date "2017.01.04"]
[Round "2.20"]
[White "Mican, Mato"]
[Black "Rosic, Slavko S"]
[Result "0-1"]
[WhiteElo "1937"]
[BlackElo "2239"]
[PlyCount "96"]
[EventDate "2017.??.??"]
[WhiteClock "1:30:00"]
[BlackClock "1:30:00"]

1. e4 c5 2. Nc3 Nc6 3. f4 d6 4. Nf3 Nf6 5. Bb5 a6 6. Bxc6+ bxc6 7. d3 g6 8. O-O
Bg7 9. Rb1 O-O 10. Bd2 Bg4 11. Qe1 Ne8 12. Qh4 Bxf3 13. Rxf3 e6 14. Qxd8 Rxd8
15. Rbf1 f5 16. b3 Nc7 17. a4 Bd4+ 18. Kh1 Rd7 19. Ne2 Bg7 20. Bc3 d5 21. e5
Rb8 22. Ba5 Ne8 23. h4 Bf8 24. d4 c4 25. Rc3 Bb4 26. Bxb4 Rxb4 27. Rff3 Rc7 28.
Kh2 Kf7 29. Rh3 Ng7 30. bxc4 dxc4 31. a5 Rd7 32. Ra3 Rd5 33. Rhf3 Ne8 34. Rf1
Nc7 35. Rfa1 Rdb5 36. Ra4 Nd5 37. Kg3 h6 38. Kf3 Rb8 39. c3 Rb2 40. Rxc4 Rd2
41. Rxc6 Rbb2 42. c4 Nc3 43. Rc7+ Ke8 44. Nc1 Rf2+ 45. Kg3 Rxg2+ 46. Kh3 Rh2+
47. Kg3 Ne4+ 48. Kf3 Rh3# 0-1

[Event "Open Bosnjaci"]
[Site "Bosnjaci"]
[Date "2017.01.04"]
[Round "3.1"]
[White "Jovanovic, Zoran"]
[Black "Bobanac, Miro"]
[Result "1-0"]
[WhiteElo "2526"]
[BlackElo "2279"]
[PlyCount "49"]
[EventDate "2017.??.??"]
[WhiteClock "1:30:00"]
[BlackClock "1:30:00"]

1. e4 Nf6 2. e5 Nd5 3. d4 c6 4. Nf3 g6 5. c4 Nc7 6. Nc3 Bg7 7. Be2 O-O 8. O-O
d6 9. exd6 exd6 10. Bg5 f6 11. Be3 Be6 12. d5 Bf7 13. Qb3 b6 14. dxc6 Nxc6 15.
Rad1 Re8 16. Qc2 Qe7 17. Qa4 Na5 18. Nd4 Rac8 19. b3 f5 20. Bf3 Qf6 21. Ndb5 a6
22. Nxc7 Qxc3 23. Bxb6 Re5 24. Nd5 Qb2 25. Bxa5 1-0

[Event "Open Bosnjaci"]
[Site "Bosnjaci"]
[Date "2017.01.04"]
[Round "3.2"]
[White "Rosic, Slavko S"]
[Black "Kovacevic, Blazimir"]
[Result "1/2-1/2"]
[WhiteElo "2239"]
[BlackElo "2503"]
[PlyCount "129"]
[EventDate "2017.??.??"]
[WhiteClock "1:30:00"]
[BlackClock "1:30:00"]

1. e4 c5 2. Nc3 e6 3. Nf3 a6 4. d4 cxd4 5. Nxd4 Qc7 6. g3 Bb4 7. Nde2 Nf6 8.
Bg2 Be7 9. O-O Nc6 10. h3 d6 11. f4 b5 12. g4 Bb7 13. Ng3 Nd7 14. Be3 b4 15.
Nce2 Nc5 16. Nd4 O-O 17. g5 Rfe8 18. h4 Bf8 19. h5 Nxd4 20. Bxd4 e5 21. fxe5
dxe5 22. Be3 Ne6 23. Rf2 Bc5 24. Qf3 Nd4 25. Qd1 Rad8 26. Qc1 Ne6 27. h6 g6 28.
Nf1 Nf4 29. Ng3 Qb6 30. Nf1 f6 31. gxf6 Rf8 32. Bxc5 Qxc5 33. Qe3 Qxe3 34. Nxe3
Nxg2 35. Kxg2 Bxe4+ 36. Kg3 Kf7 37. Ng4 Bf5 38. Nxe5+ Kxf6 39. Nc6 Rd6 40. Nxb4
Kg5 41. Nd3 Rc8 42. Ne5 Re6 43. Nf3+ Kxh6 44. Rh1+ Kg7 45. Ng5 Ree8 46. Rxh7+
Kf6 47. Nf3 Rxc2 48. Rxc2 Bxc2 49. Rc7 Be4 50. Nh2 Re6 51. Ng4+ Kg5 52. Rc5+
Bf5 53. Ne5 Kf6 54. Nf3 Rb6 55. b4 Bd3 56. Ne5 Rd6 57. Ng4+ Ke7 58. a4 Be2 59.
Ne5 Kf6 60. b5 axb5 61. axb5 Bxb5 62. Rxb5 Ke6 63. Nxg6 Rd1 64. Nf4+ Kd6 65.
Rd5+ 1/2-1/2

[Event "Open Bosnjaci"]
[Site "Bosnjaci"]
[Date "2017.01.04"]
[Round "3.4"]
[White "Tomulic, Teo"]
[Black "Dizdarevic, Emir"]
[Result "0-1"]
[WhiteElo "2209"]
[BlackElo "2463"]
[PlyCount "68"]
[EventDate "2017.??.??"]
[WhiteClock "1:30:00"]
[BlackClock "1:30:00"]

1. e4 g6 2. d4 Bg7 3. Nc3 d5 4. exd5 Nf6 5. Bc4 Nbd7 6. Bg5 O-O 7. Qf3 Nb6 8.
Bb3 a5 9. a4 Bg4 10. Qf4 Bf5 11. Bxf6 exf6 12. Nge2 Bd7 13. O-O f5 14. Qd2 Re8
15. Rad1 Qe7 16. Qf4 Rac8 17. Nc1 Qf6 18. Qd2 Qd6 19. Qd3 Qf6 20. Qd2 Re7 21.
Nb5 Bxb5 22. axb5 a4 23. Ba2 Re4 24. c3 Rce8 25. Nd3 Qd8 26. Nc5 Re2 27. Qc1 a3
28. Rd2 Bh6 29. f4 Bxf4 30. Rxf4 Re1+ 31. Rf1 Rxc1 32. Rxc1 Qg5 33. Rcd1 Re1+
34. Kf2 Qe3# 0-1

[Event "Open Bosnjaci"]
[Site "Bosnjaci"]
[Date "2017.01.04"]
[Round "3.5"]
[White "Plenkovic, Zdenko"]
[Black "Lazor, Vladimir"]
[Result "1-0"]
[WhiteElo "2421"]
[BlackElo "2200"]
[PlyCount "81"]
[EventDate "2017.??.??"]
[WhiteClock "1:30:00"]
[BlackClock "1:30:00"]

1. e4 d6 2. d4 Nf6 3. Nc3 g6 4. Bg5 c6 5. Qd2 b5 6. Bd3 Bg7 7. f4 O-O 8. Nf3
Bg4 9. O-O-O Qa5 10. Kb1 b4 11. Ne2 Nbd7 12. h3 Bxf3 13. gxf3 Rab8 14. f5 Nb6
15. Nc1 Na4 16. Nb3 Qb6 17. fxg6 hxg6 18. h4 Nh5 19. Be2 Rfe8 20. Rhg1 a5 21.
Bh6 Nc3+ 22. bxc3 bxc3 23. Qe3 a4 24. Bxg7 Nxg7 25. Qxc3 axb3 26. cxb3 Ra8 27.
f4 Ra3 28. f5 Rea8 29. Rd2 Qa7 30. Qb2 Qb7 31. fxg6 fxg6 32. Qc3 Qa7 33. Qc2 e5
34. Rxg6 Qf7 35. Rxd6 Rxa2 36. Bc4 Ra1+ 37. Kb2 R1a2+ 38. Kc3 exd4+ 39. Kxd4
c5+ 40. Ke3 Rxc2 41. Rxc2 1-0

[Event "Open Bosnjaci"]
[Site "Bosnjaci"]
[Date "2017.01.04"]
[Round "3.6"]
[White "Berke, Ana"]
[Black "Zufic, Miroslav"]
[Result "0-1"]
[WhiteElo "2195"]
[BlackElo "2382"]
[PlyCount "116"]
[EventDate "2017.??.??"]
[WhiteClock "1:21:00"]
[BlackClock "1:30:00"]

1. e4 e5 2. Nf3 Nc6 3. Bb5 a6 4. Ba4 Nf6 5. d3 b5 6. Bb3 Bc5 7. O-O O-O 8. c3
d6 9. Be3 h6 10. Nbd2 Nd7 11. a4 Rb8 12. axb5 axb5 13. Qe2 b4 14. d4 Bb6 15.
Ba4 Bb7 16. d5 Ne7 17. c4 c5 18. Nh4 Bc8 19. Nf5 Nf6 20. Bc2 Nxf5 21. exf5 e4
22. Nxe4 Bxf5 23. Nxf6+ Qxf6 24. b3 Ra8 25. Rxa8 Rxa8 26. Bxf5 Qxf5 27. Qf3
Qxf3 28. gxf3 Kf8 29. Re1 Bd8 30. Bf4 Ra6 31. Kg2 Be7 32. Rb1 Ke8 33. Kg3 Kd7
34. h4 h5 35. Be3 Bf6 36. Kh3 Ra2 37. Kg3 Be5+ 38. f4 Bf6 39. f5 Ra8 40. Bc1
Re8 41. Bb2 Bxb2 42. Rxb2 Re1 43. Kf4 Ke7 44. Kg5 Rg1+ 45. Kxh5 Kf6 46. Ra2 Rb1
47. Ra6 Ke5 48. f6 gxf6 49. f4+ Kxf4 50. Rxd6 Rxb3 51. Rxf6+ Ke5 52. Rc6 Kd4
53. d6 Kxc4 54. Kg4 Rd3 55. h5 Kb5 56. h6 Kxc6 57. h7 f5+ 58. Kxf5 Rh3 0-1

[Event "Open Bosnjaci"]
[Site "Bosnjaci"]
[Date "2017.01.04"]
[Round "3.7"]
[White "Medic, Mirjana"]
[Black "Stankovic, Milos"]
[Result "0-1"]
[WhiteElo "2147"]
[BlackElo "2376"]
[PlyCount "80"]
[EventDate "2017.??.??"]
[WhiteClock "1:30:00"]
[BlackClock "1:30:00"]

1. d4 Nf6 2. Nf3 g6 3. c4 Bg7 4. g3 O-O 5. Bg2 d5 6. cxd5 Nxd5 7. O-O Nb6 8.
Nc3 Nc6 9. e3 Re8 10. h3 a5 11. b3 e5 12. Nb5 exd4 13. exd4 Bf5 14. Bg5 Qd7 15.
Rc1 h6 16. Bf4 Nd5 17. Ne5 Nxe5 18. Bxe5 Bxe5 19. dxe5 Qxb5 20. Qxd5 Qxd5 21.
Bxd5 c6 22. Bf3 Rxe5 23. Kg2 a4 24. b4 a3 25. Rfd1 Be6 26. Rc3 Rb5 27. Rdd3
Bxa2 28. Rxa3 Rxa3 29. Rxa3 Be6 30. Ra4 Bb3 31. Ra8+ Kg7 32. Rb8 Be6 33. h4 Kf6
34. Kf1 Bd7 35. h5 gxh5 36. Rd8 Ke7 37. Rh8 Bg4 38. Bxg4 hxg4 39. Rxh6 Rxb4 40.
Ke2 Rc4 0-1

[Event "Open Bosnjaci"]
[Site "Bosnjaci"]
[Date "2017.01.04"]
[Round "3.8"]
[White "Tica, Sven"]
[Black "Babic, Zvonko"]
[Result "1-0"]
[WhiteElo "2352"]
[BlackElo "2162"]
[PlyCount "63"]
[EventDate "2017.??.??"]
[WhiteClock "1:30:00"]
[BlackClock "1:30:00"]

1. d4 Nf6 2. c4 e6 3. g3 d5 4. Nf3 Be7 5. Bg2 O-O 6. Qc2 dxc4 7. Qxc4 a6 8. Qc2
Nbd7 9. O-O Ra7 10. Nbd2 b6 11. Nc4 Bb7 12. Nfe5 Bxg2 13. Kxg2 Qa8+ 14. f3 c5
15. Bg5 Rb8 16. Nxd7 Rxd7 17. dxc5 Bxc5 18. Bxf6 gxf6 19. Rad1 Rxd1 20. Rxd1
Rd8 21. b4 Rxd1 22. Qxd1 Bxb4 23. Nxb6 Qc6 24. Qd8+ Kg7 25. Nd7 Qc3 26. Kh3 Qb2
27. e4 h6 28. e5 Qb1 29. Qxf6+ Kg8 30. Qxh6 Qf5+ 31. Kh4 Bd2 32. Nf6+ 1-0

[Event "Open Bosnjaci"]
[Site "Bosnjaci"]
[Date "2017.01.04"]
[Round "3.9"]
[White "Vajic, Goran"]
[Black "Blagojevic, Marijan"]
[Result "1-0"]
[WhiteElo "2310"]
[BlackElo "2137"]
[PlyCount "103"]
[EventDate "2017.??.??"]
[WhiteClock "1:30:00"]
[BlackClock "1:30:00"]

1. e4 c5 2. Nc3 e6 3. f4 Nc6 4. Bb5 Nge7 5. Nf3 a6 6. Bxc6 Nxc6 7. d3 d6 8. O-O
Be7 9. Be3 b5 10. Ne2 O-O 11. c3 Bb7 12. Qc2 Rc8 13. Rad1 d5 14. Qb1 Qc7 15.
exd5 exd5 16. d4 c4 17. Ng3 Rce8 18. Rde1 Bc8 19. Ne5 Bd6 20. Nf5 Bxf5 21. Qxf5
g6 22. Qh3 f5 23. Qf3 Ne7 24. Bf2 Qb7 25. Bh4 Nc8 26. Bg5 Be7 27. h4 Bxg5 28.
fxg5 Nd6 29. h5 Re6 30. hxg6 hxg6 31. Qf4 Ne4 32. Ng4 Kg7 33. Nf6 Qc6 34. Nxe4
dxe4 35. Kf2 Rh8 36. Ke3 Qd6 37. Qxd6 Rxd6 38. Rh1 Rh5 39. Kf4 Rd5 40. Rh3 Rxh3
41. gxh3 Kf7 42. h4 Rd8 43. h5 Rh8 44. h6 Ke6 45. a4 b4 46. cxb4 Kd5 47. Rh1
Rh7 48. Rh2 Kd6 49. b5 axb5 50. axb5 Kd5 51. b6 Ke6 52. Rh3 1-0

[Event "Open Bosnjaci"]
[Site "Bosnjaci"]
[Date "2017.01.04"]
[Round "3.10"]
[White "Matko, Ognjen"]
[Black "Tomas, Ante"]
[Result "1-0"]
[WhiteElo "2305"]
[BlackElo "2115"]
[PlyCount "111"]
[EventDate "2017.??.??"]
[WhiteClock "1:30:00"]
[BlackClock "1:30:00"]

1. e4 d5 2. exd5 Nf6 3. c4 c6 4. Nc3 cxd5 5. cxd5 Nxd5 6. Nf3 Nc6 7. Bb5 e6 8.
O-O Be7 9. Qa4 Bd7 10. Nxd5 exd5 11. Qb3 Be6 12. Ne5 Qc7 13. d4 O-O 14. Nxc6
bxc6 15. Bd3 Bf6 16. Be3 g6 17. Rac1 Rab8 18. Qc3 Qb6 19. b3 Bd7 20. Rfd1 Qb4
21. Qc5 a5 22. Bf4 Bxd4 23. Qxb4 Rxb4 24. Bd6 Ra8 25. Bxb4 axb4 26. Bxg6 Bc3
27. Bb1 Be6 28. a4 c5 29. Bc2 c4 30. Rb1 d4 31. Be4 Ra6 32. bxc4 Bxc4 33. Bd3
Bxd3 34. Rxd3 Rxa4 35. g4 Ra3 36. Kg2 b3 37. Kf3 b2 38. Ke4 Ra1 39. Rdd1 Kg7
40. h4 f6 41. f4 Kf7 42. g5 fxg5 43. hxg5 Kg6 44. Rh1 Kg7 45. f5 Ra7 46. Rh2
Ra1 47. Rhh1 Kg8 48. f6 Ra5 49. Rhg1 Kf7 50. Rbf1 Bd2 51. Rh1 Bc1 52. Rxh7+ Kg8
53. Rb7 Ra7 54. f7+ Kh7 55. f8=Q+ Rxb7 56. Qh6+ 1-0

[Event "Open Bosnjaci"]
[Site "Bosnjaci"]
[Date "2017.01.04"]
[Round "3.11"]
[White "Boban, Sten"]
[Black "Stocko, Josip"]
[Result "0-1"]
[WhiteElo "2063"]
[BlackElo "2300"]
[PlyCount "58"]
[EventDate "2017.??.??"]
[WhiteClock "1:30:00"]
[BlackClock "1:30:00"]

1. d4 Nf6 2. g3 c5 3. Nf3 e6 4. Bg2 Be7 5. O-O O-O 6. c4 a6 7. a3 cxd4 8. Nxd4
Qc7 9. b3 d6 10. Bb2 Bd7 11. Nc3 Nc6 12. Rc1 Na5 13. Qc2 Rac8 14. e4 Qb8 15.
Nf3 b5 16. cxb5 axb5 17. b4 Nc4 18. Nd2 Nxb2 19. Qxb2 Ng4 20. Nf3 Bf6 21. h3
Ne5 22. Nxe5 Bxe5 23. Qb3 Rc4 24. Ne2 Rfc8 25. Rxc4 bxc4 26. Qc2 Qa7 27. Qc1 c3
28. Kh2 Bb5 29. Re1 Qxf2 0-1

[Event "Open Bosnjaci"]
[Site "Bosnjaci"]
[Date "2017.01.04"]
[Round "3.12"]
[White "Bogdanic, Katarina"]
[Black "Levacic, Patrick"]
[Result "1/2-1/2"]
[WhiteElo "1909"]
[BlackElo "2291"]
[PlyCount "36"]
[EventDate "2017.??.??"]
[WhiteClock "1:30:00"]
[BlackClock "1:30:00"]

1. c4 g6 2. g3 Bg7 3. Bg2 e5 4. Nc3 Nc6 5. d3 d6 6. Nf3 f5 7. O-O Nf6 8. Rb1
O-O 9. b4 h6 10. b5 Ne7 11. a4 Be6 12. Ba3 Rc8 13. c5 Ned5 14. Nxd5 Nxd5 15.
Qd2 e4 16. dxe4 Nc3 17. Rbc1 dxc5 18. Qc2 Nxe4 1/2-1/2

[Event "Open Bosnjaci"]
[Site "Bosnjaci"]
[Date "2017.01.04"]
[Round "3.13"]
[White "Leventic, Ivan"]
[Black "Ljikar, Zoran"]
[Result "1/2-1/2"]
[WhiteElo "2424"]
[BlackElo "2211"]
[PlyCount "51"]
[EventDate "2017.??.??"]
[WhiteClock "1:30:00"]
[BlackClock "1:30:00"]

1. e4 c5 2. Nf3 e6 3. d4 cxd4 4. Nxd4 Nc6 5. Nc3 Qc7 6. f4 a6 7. Be3 b5 8. Nb3
Bb7 9. Bd3 Bb4 10. O-O Nf6 11. e5 Bxc3 12. bxc3 Nd5 13. Bc5 Nce7 14. Qg4 g6 15.
Qh4 h5 16. Be4 Qd8 17. Qf2 Rc8 18. a4 Bc6 19. axb5 Bxb5 20. Rfe1 Qc7 21. Qh4
Qd8 22. Qf2 Qc7 23. Bd3 Nxc3 24. Bxb5 axb5 25. Qh4 Qd8 26. Qf2 1/2-1/2

[Event "Open Bosnjaci"]
[Site "Bosnjaci"]
[Date "2017.01.04"]
[Round "3.14"]
[White "Trbojevic, Mladen"]
[Black "Erenda, Bruno"]
[Result "1-0"]
[WhiteElo "2380"]
[BlackElo "2087"]
[PlyCount "69"]
[EventDate "2017.??.??"]
[WhiteClock "1:29:00"]
[BlackClock "1:30:00"]

1. g3 d5 2. Bg2 Nf6 3. f4 g6 4. Nf3 Bg7 5. O-O O-O 6. d3 Nc6 7. c3 Re8 8. Ne5
Nxe5 9. fxe5 Ng4 10. d4 c6 11. e4 dxe4 12. h3 Nh6 13. Nd2 f5 14. exf6 exf6 15.
Nxe4 Nf5 16. Qd3 Nd6 17. Nxd6 Qxd6 18. Bf4 Qd8 19. Rae1 Be6 20. Rxe6 Rxe6 21.
Qc4 Qe7 22. d5 b5 23. Qb3 Qc5+ 24. Kh1 Re2 25. dxc6+ Kh8 26. c7 Rae8 27. Qd5
Qxd5 28. Bxd5 g5 29. Bc6 gxf4 30. Bxe8 Rxe8 31. Rd1 Bf8 32. Rd8 Re1+ 33. Kg2
Re2+ 34. Kf3 Re3+ 35. Kxf4 1-0

[Event "Open Bosnjaci"]
[Site "Bosnjaci"]
[Date "2017.01.04"]
[Round "3.15"]
[White "Colovic, Dusan"]
[Black "Samblic, Silvano"]
[Result "1-0"]
[WhiteElo "2370"]
[BlackElo "1959"]
[PlyCount "83"]
[EventDate "2017.??.??"]
[WhiteClock "1:30:00"]
[BlackClock "1:30:00"]

1. d4 d5 2. Nc3 Nf6 3. Bf4 c6 4. e3 Bf5 5. f3 h6 6. g4 Bg6 7. Bd3 Bxd3 8. Qxd3
e6 9. O-O-O Nbd7 10. e4 dxe4 11. Nxe4 Qa5 12. Kb1 Nxe4 13. fxe4 Nf6 14. Qf3 Be7
15. Ne2 O-O-O 16. Rd3 Nd7 17. Bd2 Bb4 18. Ra3 Qb6 19. Bxb4 Qxb4 20. Rxa7 Kb8
21. Ra3 f6 22. Rb3 Qc4 23. c3 e5 24. Rb4 Qa6 25. Nc1 c5 26. dxc5 Nxc5 27. Rd1
Kc7 28. Rd5 Rxd5 29. exd5 e4 30. Qe3 b6 31. Qf4+ Kd7 32. Qf5+ Kd6 33. Rxe4 Nxe4
34. Qxe4 Qc8 35. Nd3 Re8 36. Qd4 Qa6 37. c4 Re2 38. a3 Qa5 39. h4 Qa6 40. Qf4+
Kd7 41. g5 hxg5 42. Qg4+ 1-0

[Event "Open Bosnjaci"]
[Site "Bosnjaci"]
[Date "2017.01.04"]
[Round "3.16"]
[White "Pasalic, Adnan"]
[Black "Mrkonjic, Nenad"]
[Result "1/2-1/2"]
[WhiteElo "2007"]
[BlackElo "2360"]
[PlyCount "53"]
[EventDate "2017.??.??"]
[WhiteClock "1:22:00"]
[BlackClock "1:30:00"]

1. d4 b5 2. e3 Bb7 3. Nf3 a6 4. c4 bxc4 5. Bxc4 e6 6. O-O Nf6 7. Nbd2 Be7 8.
Qc2 O-O 9. b3 d5 10. Bd3 Nbd7 11. Ne5 c5 12. Nxd7 Qxd7 13. dxc5 Rfc8 14. Ba3 a5
15. Rfc1 Qd8 16. Nf3 h6 17. Ne5 Rc7 18. Qd2 Qb8 19. Rc2 Rc8 20. f4 Ba6 21. Rac1
Bxd3 22. Nxd3 Ne4 23. Qd1 Qb5 24. Bb2 Rc6 25. Bd4 Rac8 26. g3 f6 27. Kg2
1/2-1/2

[Event "Open Bosnjaci"]
[Site "Bosnjaci"]
[Date "2017.01.04"]
[Round "3.17"]
[White "Kukic, Lora"]
[Black "Ascic, Pero"]
[Result "0-1"]
[WhiteElo "2013"]
[BlackElo "2310"]
[PlyCount "132"]
[EventDate "2017.??.??"]
[WhiteClock "0:01:59"]
[BlackClock "1:30:00"]

1. d4 Nf6 2. Nf3 g6 3. c4 Bg7 4. Nc3 d6 5. Bg5 h6 6. Bh4 Nbd7 7. e3 g5 8. Bg3
Nh5 9. Be2 c6 10. Qc2 Qa5 11. Nd2 Nxg3 12. hxg3 Nf6 13. a3 Bd7 14. b4 Qc7 15.
Nde4 Nxe4 16. Qxe4 O-O 17. O-O f5 18. Qc2 e5 19. dxe5 dxe5 20. Rad1 Be6 21. c5
Rad8 22. Rxd8 Rxd8 23. g4 Qf7 24. gxf5 Bxf5 25. e4 Be6 26. Nd1 Bb3 27. Qc3 Rd4
28. f3 Be6 29. Ne3 Kh8 30. Nc2 Rd7 31. Ne3 Rd4 32. Nc2 Rd8 33. Ne3 Qf4 34. Bc4
Bc8 35. Qe1 h5 36. g3 Qf6 37. Qe2 Rd4 38. Nc2 Rd8 39. Rf2 Bh6 40. Rh2 g4 41.
Rxh5 gxf3 42. Qf2 Rd1+ 43. Bf1 Bg4 44. Rh4 Be6 45. Ne1 Kg7 46. Qxf3 Qxf3 47.
Nxf3 Bc4 48. Rg4+ Kf6 49. Nh2 Bg5 50. Kf2 Be6 51. Be2 Ra1 52. Rh4 Bxh4 53. gxh4
Rxa3 54. h5 Rb3 55. Nf3 Rxb4 56. h6 Rxe4 57. h7 Kg7 58. Bd3 Rf4 59. Ke3 a5 60.
Nxe5 Rh4 61. Ng6 Rxh7 62. Nf4 Rh6 63. Nxe6+ Rxe6+ 64. Kd4 Kf6 65. Bc4 Re5 66.
Bf1 a4 0-1

[Event "Open Bosnjaci"]
[Site "Bosnjaci"]
[Date "2017.01.04"]
[Round "3.18"]
[White "Ikica, Ante"]
[Black "Zovko, Mario"]
[Result "0-1"]
[WhiteElo "1958"]
[BlackElo "2309"]
[PlyCount "68"]
[EventDate "2017.??.??"]
[WhiteClock "1:28:00"]
[BlackClock "1:30:00"]

1. c4 c5 2. Nf3 Nc6 3. g3 g6 4. Bg2 Bg7 5. O-O e5 6. Nc3 Nge7 7. d3 d6 8. Bg5
h6 9. Bd2 O-O 10. a3 Be6 11. b4 cxb4 12. axb4 Nxb4 13. Qb3 a5 14. Rac1 Rb8 15.
Rfd1 b5 16. Qa3 bxc4 17. dxc4 Bxc4 18. Bf1 d5 19. Na4 e4 20. Be1 Qc8 21. Nh4
Qa6 22. Nc5 Qb5 23. Na4 Nec6 24. Ng2 Nd4 25. Nc3 Qa6 26. Nf4 Nbc2 27. Qa4 Bb3
28. Qd7 Rfd8 29. Qg4 Nxe1 30. Rxe1 Nc2 31. e3 Qc8 32. Qxc8 Rbxc8 33. Nce2 Nxe1
34. Rxe1 a4 0-1